Coronal and prominence plasmas (Record no. 11053)

MARC details
000 -LEADER
fixed length control field 00937nam a2200229Ia 4500
003 - CONTROL NUMBER IDENTIFIER
control field IN-BaIIA
008 - FIXED-LENGTH DATA ELEMENTS--GENERAL INFORMATION
fixed length control field 211028s9999 xx 000 0 eng d
040 ## - CATALOGING SOURCE
Transcribing agency IIA Library
080 ## - UNIVERSAL DECIMAL CLASSIFICATION NUMBER
Universal Decimal Classification number 523.947
Item number POL
111 ## - MAIN ENTRY--MEETING NAME
Meeting name or jurisdiction name as entry element Workshop on Coronal and Prominence Plasmas
Location of meeting Maryland
Date of meeting or treaty signing 1985 Apr. 9-11 and 1986 Apr. 8-10
9 (RLIN) 18942
245 #0 - TITLE STATEMENT
Title Coronal and prominence plasmas
Remainder of title proceedings of a workshops held at Goddard space flight center, April 9-11, 1985, and April 8-10 1986
Statement of responsibility, etc. edited by A. I. Poland
260 ## - PUBLICATION, DISTRIBUTION, ETC.
Place of publication, distribution, etc. Washington
Name of publisher, distributor, etc. National Aeronautics and Space Administration
Date of publication, distribution, etc. 1986
300 ## - PHYSICAL DESCRIPTION
Extent vi,479p.
490 ## - SERIES STATEMENT
Series statement NASA Report No. NASA-CP-2442
650 ## - SUBJECT ADDED ENTRY--TOPICAL TERM
Topical term or geographic name entry element Astronomy and Astrophysics Thesaurus
650 ## - SUBJECT ADDED ENTRY--TOPICAL TERM
Topical term or geographic name entry element Corona
9 (RLIN) 8341
650 ## - SUBJECT ADDED ENTRY--TOPICAL TERM
Topical term or geographic name entry element Plasma Physics
9 (RLIN) 3732
650 ## - SUBJECT ADDED ENTRY--TOPICAL TERM
Topical term or geographic name entry element Solar Physics
700 ## - ADDED ENTRY--PERSONAL NAME
Personal name Poland, A. I., ed.
9 (RLIN) 18943
710 ## - ADDED ENTRY--CORPORATE NAME
Corporate name or jurisdiction name as entry element National Aeronautics and Space Administration
9 (RLIN) 4960
942 ## - ADDED ENTRY ELEMENTS (KOHA)
Koha item type Books
Holdings
Withdrawn status Lost status Damaged status Not for loan Home library Current library Shelving location Date acquired Total Checkouts Full call number Barcode Date last seen Price effective from Koha item type
        IIA Library-Bangalore IIA Library-Bangalore General Stacks 21/04/1994   523.947/ POL 11966 05/11/2021 21/04/1994 Books

Powered by Koha